00246nam a22000977a 4500040000900000082001500009100003100024245002600055260004100081650002600122 cNust a297.7bASH a Maulana Ashraf Ali Thanvi aاصلاحی نصاب aKarachi:bH. M Saeed Company,c1995. aاصلاحی نصاب